000
00279nam a22001097a 4500
999
_c
168282
_d
168282
082
_a
_b
100
_a
Prabhakaran hebbar Illaath
245
_a
Samskriti bhasha aur sahithya/
_c
by Prabhakaran hebbar Illaath.
260
_a
Mathura,
_b
Jawahar,
_c
2009.
650
_a
942
_c
BK